000 00605nam a2200181Ia 4500
008 090124s9999 xx 000 0 und d
082 _b34625
100 _aमहाबळ भा. ल.
245 _a शंभर धागे प्रेमाचे
250 _a1
260 _bमधुराज पब्लिकेशन्स
_c1997
300 _a221
600 _aमहाबळ भा. ल.
630 _a शंभर धागे प्रेमाचे
700 _aमहाबळ भा. ल.
730 _a शंभर धागे प्रेमाचे
942 _cBOOK
999 _c100554
_d100554